| 000 | 02727nam a22003857a 4500 | ||
|---|---|---|---|
| 005 | 20120424152039.0 | ||
| 010 | _aENG-105112 B-490268-273 | ||
| 020 |
_a9788120345485 _c625.00 |
||
| 035 | _aEN-88645 B490268-273 | ||
| 037 | _bDBAD/PUB | ||
| 037 | _bPrabhat Prakashan/Ven | ||
| 082 | _a005.5076 | ||
| 100 |
_aPierce, John _d1954- _955118 |
||
| 245 |
_aMOS 2010 Study Guide for Microsoft Word Expert, Excel Expert, Access, and Sharepoint exams / _cby John Pierce [and] Geoff Evelyn |
||
| 246 | _aMicrosoft Office Specialist 2010 for Microsoft Word Expert, Excel Expert, Access, and Sharepoint exams | ||
| 246 | _aMOS study guide 2010 for Microsoft Word Expert, Excel Expert, Access, and Sharepoint exams | ||
| 260 |
_aNew Delhi _bPHI Learning _c2012 |
||
| 270 |
_aM-97, Connaught Circus _bNew Delhi _e110001 |
||
| 300 |
_axxiv, 691p. : _bill. _c23cm(pbk) |
||
| 500 | _aIncludes index. | ||
| 650 |
_aBusiness _xComputer programs _x Examinations _v Study guides. _955119 |
||
| 650 |
_aElectronic data processing personnel _xCertification. _955120 |
||
| 650 |
_aMicrosoft software _x Examinations _vStudy guides. _955121 |
||
| 650 |
_aBusiness _xComputer programs. _955122 |
||
| 700 |
_aEvelyn, Geoff _945708 |
||
| 942 |
_2ddc _cEN _h005.5076 _mPIE |
||
| 999 |
_c65586 _d65586 |
||